| 000 | 01041nam a2200241Ii 4500 | ||
|---|---|---|---|
| 003 | JO-AjNU | ||
| 005 | 20240625105645.0 | ||
| 008 | 230605s9999||||xx |||||||||||||| ||und|| | ||
| 040 |
_aJO-AjNU _bara _erda _cJO-AjNU |
||
| 041 | _aara | ||
| 050 | 1 | 4 | _aHD62.15 2021 |
| 100 | 1 |
_aمبارك، بركات مصطفى محمد _eمعد _965605 |
|
| 245 | 1 | 0 | _aمدى تطبيق انموذج ديمنغ للجودة في المستشفيات الخاصة الأردنية=The Extent Application of Deming Quality Model in Jordanian private Hospitals / |
| 260 | _c2021 | ||
| 300 | _a91ورقة | ||
| 336 |
_atext _btxt _2rdacontent |
||
| 337 |
_aunmediated _bn _2rdamedia |
||
| 338 |
_avolume _bnc _2rdacarrier |
||
| 500 | _aرسالة جامعية(اطروحة ماجستير) جامعة عجلون الوطنية، كلية ادارة الاعمال، تخصص ادارة الاعمال، 2021 | ||
| 650 | 7 |
_aادارة الجودة الشامله _962412 |
|
| 700 | 1 |
_aالمثاني، بلال احمد _965043 _eمشرف |
|
| 942 |
_2lcc _cTHS |
||
| 999 |
_c31828 _d31828 |
||